Advances in shrimp biotechnology: Proceedings to the special session on shrimp biotechnology 5th Asian fisheries forum Chiengmai, Thailand, 11-14 November 1998

This book provides information about recurrent dissease epizootics with limited prevention and control measures, a lack of consistent broodstock and post-larvae,...

保存先:
書誌詳細
フォーマット: 図書
言語:Undetermined
出版事項: Thailand BIOTEC 1998
主題:
タグ: タグ追加
タグなし, このレコードへの初めてのタグを付けませんか!
Thư viện lưu trữ: Trung tâm Học liệu Trường Đại học Cần Thơ
LEADER 00800nam a2200193Ia 4500
001 CTU_160174
008 210402s9999 xx 000 0 und d
082 |a 639.68 
082 |b A244/1998 
245 0 |a Advances in shrimp biotechnology: 
245 0 |b Proceedings to the special session on shrimp biotechnology 5th Asian fisheries forum Chiengmai, Thailand, 11-14 November 1998 
245 0 |c Edited by T.W. Flegel 
260 |a Thailand 
260 |b BIOTEC 
260 |c 1998 
520 |a This book provides information about recurrent dissease epizootics with limited prevention and control measures, a lack of consistent broodstock and post-larvae,... 
650 |a Công nghệ sinh học,Shrimp,Biotechnology 
904 |i Năm 
980 |a Trung tâm Học liệu Trường Đại học Cần Thơ